000 00890nam0a22002291 4500
001 rc\2740423
005 20260407014457.0
035 _a(NLR Aleph) 006867586
090 _a6913030
_c6913030
100 _a20110915d1937 |||y0rusy50 ca
101 0 _arus
102 _aRU
105 _ay z |||||
200 1 _aИнструкция по технологическому режиму производства концентрированной аммиачной воды
_f... НКТП
210 _aХарьков
_cизд. и типо-цинк. Гос. науч. техн. изд-ва
_d1937
215 _a32 с.
_d13 см.
710 0 1 _aСССР
_bГлавное управление металлической промышленности
_9502876
_3RU\NLR\AUTH\8810002821
801 0 _aRU
_bNLR
_gpsbo
801 1 _aRU
_bELAR
_2rusmarc
852 _aNLR
_j37-8/2595
942 _cBOOK
980 _aNB